Datum a čas kvízu
34
Celkem bodů
Celkový počet nahraných bodů na tomto kvízu bez doplňovacích otázek.
2.
Pořadí na kvízu
Konečné umístění týmu na tomto kvízu.
Zaznamenané odpovědi
| # | Otázka | Odpověď | Body | Výsledky |
|---|---|---|---|---|
| 1. | Minulý týden se v pražských Z... | Bolt | 1 | |
| 2. | Ke dvěma a půl letům vězení by... | D | 1 | |
| 3. | Jedno z nejnovějších děl umělc... | C) ve Veselí nad Moravou | 1 | |
| 4. | Objem daňových nedoplatků za l... | Česká správa sociálního zabezpečení | 0 | |
| 5. | Basketbalová NBA zná svého nej... | Nikola Jokić | 0 | |
| 6. | Podíváme se do zemí či krajů,... | Muž z Acapulca | 1 | |
| 7. | Jak se nazývá chudé království... | A) Monte Albo | 1 | |
| 8. | Nyní se podíváme do malé vesni... | Kyselá prdel (Bad Ass) | 0 | |
| 9. | Přiřaďte tyto postavy z knižní... | 1B 2C 3D 4A | 0 | |
| 10. | Které drama režiséra Vladimíra... | Je třeba zabít Sekala | 1 |